000 00429nam a22001457a 4500
008 230405b |||||||| |||| 00| 0 eng d
020 _a978-93-81431-83-2
082 _a616.85
100 _aLouise Hay and Mona Lisa Schulz
245 _aAll is well:
_bHeal your body with medicine, affirmations, and intuition
260 _bHay House,
_c2013
300 _a249 p.
_c23 cm
942 _2ddc
999 _c9490
_d9491